Sports Quiz

Random Sports or Nation Quiz

Olympic Host Cities by Any 3 Letters Quiz Stats

 Plays Quiz Updated Aug 29, 2018

Score 0/51 Timer 02:30
6 Plays Today
Year City % Correct
1992 (S)Barcelona
92.8%
1908 (S)London
92.5%
1948 (S)London
92.4%
2012 (S)London
92.4%
1896 (S)Athens
90.3%
2004 (S)Athens
90.3%
1932 (S)Los Angeles
86.5%
1984 (S)Los Angeles
86.5%
1900 (S)Paris
84.1%
1924 (S)Paris
84.1%
1936 (W)Garmisch-Partenkirchen
83.9%
1996 (S)Atlanta
81.2%
1992 (W)Albertville
80.3%
2008 (S)Beijing
79.4%
2016 (S)Rio de Janeiro
77.6%
1936 (S)Berlin
77.4%
2002 (W)Salt Lake City
76.1%
2000 (S)Sydney
73.8%
1980 (S)Moscow
70.2%
1964 (S)Tokyo
67.4%
2014 (W)Sochi
65.6%
1988 (S)Seoul
63.5%
1968 (S)Mexico City
62.4%
2010 (W)Vancouver
62.1%
1960 (S)Rome
61.2%
1924 (W)Chamonix
61.1%
Year City % Correct
1972 (S)Munich
56.9%
2006 (W)Turin
56.2%
1932 (W)Lake Placid
53.9%
1980 (W)Lake Placid
53.9%
1976 (S)Montreal
53.8%
1994 (W)Lillehammer
50.2%
1912 (S)Stockholm
48.4%
1904 (S)St. Louis
45.8%
1988 (W)Calgary
45.3%
2018 (W)PyeongChang
44.1%
1952 (W)Oslo
43.2%
1952 (S)Helsinki
43%
1998 (W)Nagano
39.5%
1928 (S)Amsterdam
38%
1964 (W)Innsbruck
36.3%
1976 (W)Innsbruck
36.3%
1956 (S)Melbourne
35.1%
1984 (W)Sarajevo
34.3%
1928 (W)St. Moritz
33.1%
1948 (W)St. Moritz
33.1%
1920 (S)Antwerp
28.4%
1960 (W)Squaw Valley
21.6%
1972 (W)Sapporo
21.3%
1968 (W)Grenoble
19.2%
1956 (W)Cortina d'Ampezzo
15.5%

You're not logged in!

Compare scores with friends on all Sporcle quizzes.
OR
Log In

Sporcle TV

Today on Sporcle TV


Watch our educational content, quiz creation guides, and fun videos on Sporcle TV.

Show Comments

Extras

Top Quizzes Today


Score Distribution

Your Account Isn't Verified!

In order to create a playlist on Sporcle, you need to verify the email address you used during registration. Go to your Sporcle Settings to finish the process.

Report this User

Report this user for behavior that violates our Community Guidelines.

Details: